<?xml version="1.0" encoding="UTF-8"?>
<record
    xmlns:xsi="http://www.w3.org/2001/XMLSchema-instance"
    xsi:schemaLocation="http://www.loc.gov/MARC21/slim http://www.loc.gov/standards/marcxml/schema/MARC21slim.xsd"
    xmlns="http://www.loc.gov/MARC21/slim">

  <leader>00475nam a2200169Ia 4500</leader>
  <controlfield tag="005">20250612164758.0</controlfield>
  <controlfield tag="008">008  250505s9999    xx            000 0 eng d</controlfield>
  <datafield tag="020" ind1=" " ind2=" ">
    <subfield code="a">9789393850683</subfield>
  </datafield>
  <datafield tag="040" ind1=" " ind2=" ">
    <subfield code="b">eng</subfield>
    <subfield code="c">ILCL</subfield>
  </datafield>
  <datafield tag="041" ind1=" " ind2=" ">
    <subfield code="a">eng</subfield>
    <subfield code="2">eng</subfield>
  </datafield>
  <datafield tag="084" ind1=" " ind2=" ">
    <subfield code="a">Z,8:(V2)  R3</subfield>
  </datafield>
  <datafield tag="100" ind1=" " ind2=" ">
    <subfield code="a">Beard, Charles A</subfield>
  </datafield>
  <datafield tag="245" ind1=" " ind2="4">
    <subfield code="a">The Supreme Court and the Constitution</subfield>
  </datafield>
  <datafield tag="260" ind1=" " ind2=" ">
    <subfield code="a">Delhi</subfield>
    <subfield code="b">Law and Justice Publishing Company</subfield>
    <subfield code="c">2023</subfield>
  </datafield>
  <datafield tag="300" ind1=" " ind2=" ">
    <subfield code="a">vii,127p.</subfield>
  </datafield>
  <datafield tag="942" ind1=" " ind2=" ">
    <subfield code="c">TB</subfield>
    <subfield code="2">Colon Classification</subfield>
  </datafield>
  <datafield tag="999" ind1=" " ind2=" ">
    <subfield code="c">1311871</subfield>
    <subfield code="d">1311871</subfield>
  </datafield>
  <datafield tag="952" ind1=" " ind2=" ">
    <subfield code="0">0</subfield>
    <subfield code="1">0</subfield>
    <subfield code="4">0</subfield>
    <subfield code="6">Z8V2_R3</subfield>
    <subfield code="7">0</subfield>
    <subfield code="9">1245586</subfield>
    <subfield code="a">ILCL</subfield>
    <subfield code="b">ILCL</subfield>
    <subfield code="d">0007-03-24</subfield>
    <subfield code="e">Apple Books</subfield>
    <subfield code="g">325.00</subfield>
    <subfield code="i">003 dt. 03-07-2024</subfield>
    <subfield code="l">0</subfield>
    <subfield code="o">Z,8:(V2)  R3</subfield>
    <subfield code="p">IL1863031</subfield>
    <subfield code="r">2025-05-06 17:27:54</subfield>
    <subfield code="w">2025-05-06</subfield>
    <subfield code="y">TB</subfield>
  </datafield>
  <datafield tag="952" ind1=" " ind2=" ">
    <subfield code="0">0</subfield>
    <subfield code="1">0</subfield>
    <subfield code="4">0</subfield>
    <subfield code="6">Z8V2_R3</subfield>
    <subfield code="7">0</subfield>
    <subfield code="9">1245977</subfield>
    <subfield code="a">ILCL</subfield>
    <subfield code="b">ILCL</subfield>
    <subfield code="d">0000-00-00</subfield>
    <subfield code="e">Singhal Publications</subfield>
    <subfield code="g">325.00</subfield>
    <subfield code="i">2526 dt. 26-06-2024</subfield>
    <subfield code="l">0</subfield>
    <subfield code="o">Z,8:(V2) R3</subfield>
    <subfield code="p">IL1863422</subfield>
    <subfield code="r">2025-05-06 17:28:38</subfield>
    <subfield code="w">2025-05-06</subfield>
    <subfield code="y">TB</subfield>
  </datafield>
  <datafield tag="952" ind1=" " ind2=" ">
    <subfield code="0">0</subfield>
    <subfield code="1">0</subfield>
    <subfield code="4">0</subfield>
    <subfield code="6">Z281V2_R3</subfield>
    <subfield code="7">0</subfield>
    <subfield code="9">1246327</subfield>
    <subfield code="a">ILCL</subfield>
    <subfield code="b">ILCL</subfield>
    <subfield code="d">0000-00-00</subfield>
    <subfield code="e">Singhal Publications</subfield>
    <subfield code="g">325.00</subfield>
    <subfield code="i">2535 dt.26-06-2024</subfield>
    <subfield code="l">0</subfield>
    <subfield code="o">Z2,81:(V2)  R3</subfield>
    <subfield code="p">IL1863772</subfield>
    <subfield code="r">2025-05-06 17:29:13</subfield>
    <subfield code="w">2025-05-06</subfield>
    <subfield code="y">TB</subfield>
  </datafield>
</record>
